Statistics for Arrow

Click here to take the quiz!

General Stats

  • This quiz has been taken 611 times
    (550 since last reset)
  • The average score is 7 of 16

Answer Stats

HintAnswer% Correct
Oliver QueenArrow
98%
Barry AllenThe Flash
81%
Slade WilsonDeathstroke
77%
Helena BertinelliHuntress
77%
Floyd LawtonDeadshot
74%
Sara LanceCanary
68%
Malcolm MerlynDark Archer
64%
Sebastian BloodBrother Blood
42%
The CountCount Vertigo
31%
Ben TurnerBronze Tiger
26%
William TockmanClock King
23%
Barton MathisDoll Maker
17%
CindySin
17%
Isabel RochevRavager
12%
Mark SchefferShrapnel
10%
Guillermo BarreraBrutalae
0%

Score Distribution

Percentile by Number Answered

Percent of People with Each Score

Your Score History

You have not taken this quiz since the last reset